000 00349nam a2200133 i 4500
001 bg
100 1 _aSPÓLNICKI, Zbigniew
245 0 _aAlgorytm sumowania tensorowego wielu stanów naprężeń /
_cZbigniew Spólnicki.
260 _aWarszawa,
_c1980.
040 _cBPK
041 _apol
942 _cKS
008 s pl f |000 0 pol
999 _c20852
_d20852
856 _uhttp://koha.tu.koszalin.pl/cgi-bin/koha/opac-detail.pl?biblionumber=20852
_yKatalog online BPK